000 01440cam a2200349 a 4500
999 _c522672
_d522672
001 12634304
003 NUST
005 20181229055146.0
008 011205s2001 pk ab 001 0 eng
010 _a 2001310612
020 _a0195795334
025 _aP-E-2001310612; 07; 12
035 _a(DLC) 2001310612
038 _awaseem
040 _aDLC
_cDLC
_dDLC
042 _alcode
043 _aa-pk---
050 0 0 _aHT169.P3
_bY34 2001
082 0 0 _a307.121609
_bYAK
100 1 _aYakas, Orestes,
_d1920-
_912798
245 1 0 _aIslamabad, the birth of a capital /
_cOrestes Yakas.
260 _aKarachi :
_bOxford University Press,
_c2001.
300 _axiv, 162 p. :
_bill. map ;
_c2001.
500 _aIncludes index.
505 8 _aMachine generated contents note: 1. The Need for a new Capital in Pakistan -- 2. The Selection of the Location -- 3. The Selection of the Specific Site -- 4. The Master Plan -- 5. The Programmes -- 6. The Implementation -- 7. The Attitude of the People.
650 0 _aCity planning
_zPakistan
_zIslāmābād.
_912799
856 4 1 _3Table of contents only
_uhttp://www.loc.gov/catdir/toc/fy02/2001310612.html
856 4 2 _3Publisher description
_uhttp://www.loc.gov/catdir/enhancements/fy0611/2001310612-d.html
906 _a7
_bcbc
_corigode
_d3
_encip
_f20
_gy-gencatlg
942 _2ddc
_cBK